000 00556nam a2200217 a 4500
001 BRCA_6572
005 20190320205516.0
008 300911s1913----gw-a######---#000-0#ger-#
041 _ager
044 _agw
050 4 _aQK930
_b.K64 1913
100 1 _aKoelsch, Adolf
_d1879-1948
_915540
245 1 0 _aDer blühende See
_cAdolf Koelsch.
260 _aStuttgart, Alemania
_bKosmos
_c1913
300 _a95 p.
_bil.
_c20 cm.
500 _aL116
504 _aBibliografía: p. 94
650 1 4 _aPlantas acuáticas
_916393
902 _aGFM
942 _2lcc
_cB
999 _c6256
_d6256